000 00522nam a2200217Ia 4500
003 OSt
005 20221005131545.0
006 a|||||r|||| 00| 0
007 ta
008 221004b |||||||| |||| 00| 0 eng d
024 _a115648
037 _cTextual
040 _aCRL
_cCRL
_beng
041 _2eng
_aeng
100 _aSri Ram
_9639775
245 0 _aSri chetanya charitamrit sanskritnutam
260 _c1978
650 _aHINDI LITERATURE
_923866
942 _cTEXL
_2cc
999 _c1060721
_d1060721